| 000 | 00698nam a22002175a 4500 | ||
|---|---|---|---|
| 005 | 20201128023746.0 | ||
| 008 | 160601t2015 ii a fr 001 0 eng d | ||
| 020 | _a9788126553372 | ||
| 040 |
_aEG-ScBUE _beng _cEG-ScBUE _dEG-ScBUE |
||
| 082 | 0 | 4 |
_222 _a006.31 _bBEL |
| 100 | 1 |
_aBell, Jason _c(Computer scientist) _940117 |
|
| 245 | 1 | 0 |
_aMachine learning : _bhands-on for developers and technical professionals / _cJason Bell. |
| 260 |
_aNew Delhi : _bWilley, _cc.2015. |
||
| 300 |
_axxiv, 380 p. : _bill. ; _c24 cm. |
||
| 490 | 0 | _aWiley big data series. | |
| 500 | _aIndex : p. 373-380. | ||
| 650 | 7 |
_2BUEsh _92922 _aMachine learning. |
|
| 651 | _2BUEsh | ||
| 653 |
_bCOMSCI _cMay2016 |
||
| 942 | _2ddc | ||
| 999 |
_c21844 _d21816 |
||